000 00435ntaaa2200181 4500
003 01
005 20251027202818.0
008 0714s1973 ag 01
040 _aAR-BaBN
_bspa
_cAR-BaBN
_eaacr
_dRIC
082 _a915.0000 B664
100 _aBoero, Jorge A
245 _aElementos de geografía astronomica y fisica
250 _a1 ed.
260 _as.l.,
_cs.f.
650 _ageografía
650 _aastronomía
_98971
942 _cBK
999 _c23475
_d23475